Who Cares for Tribal Development (Record no. 14124)

MARC details
000 -LEADER
fixed length control field 00602nam a2200241 a 4500
020 ## - INTERNATIONAL STANDARD BOOK NUMBER
ISBN 8170995
082 00 - DEWEY DECIMAL CLASSIFICATION NUMBER
Classification number 306.0899145
Author Cutter VAI
100 ## - MAIN ENTRY--AUTHOR NAME
Author name Vaid, Naresh Kumar
245 ## - TITLE STATEMENT
Title Who Cares for Tribal Development
260 ## - PUBLICATION, DISTRIBUTION, ETC. (IMPRINT)
Place of publication Delhi
Name of publisher Mittal Publication
Year of publication 2004
300 ## - PHYSICAL DESCRIPTION
Number of Pages 150p
500 ## - GENERAL NOTE
General note includes index and biblioraphy
505 2# - FORMATTED CONTENTS NOTE
Formatted contents note Index
650 ## - SUBJECT ADDED ENTRY--TOPICAL TERM
Topical Term Tribes-India
942 ## - ADDED ENTRY ELEMENTS (KOHA)
Koha item type Books
700 1# -
-- Vaid, Naresh Kumar
Holdings
Collection code Home library Current library Date acquired Cost, normal purchase price Full call number Accession Number Koha item type
  Henry Martyn Institute Library Henry Martyn Institute Library 04/04/2007 250.00 306.0899145 VAI 021320 Books
                   Copyright © 2026 | Henry Martyn Institute | Hyderabad | TS-500052 | INDIA | Implemented by hmi.edu.in
Hit-Count:

Powered by Koha